000 00654nam a2200229Ia 4500
001 10287
003 GE_BSU
008 181216s||||||||xx |||||||||||||| ||und||
040 _cGE_BSU
080 _a821.353.1–31
100 _aროყვა,შოთა
245 _aფრთები
245 _bრომანი
245 _cრედ.ლ.ბეჟანიძე.მხატვ. თ.დიასამიძე
260 _aბათუმი
260 _bსაბჭოთა აჭარა
260 _c1986
300 _a255გვ .20სმ.
653 _aრომანი
653 _aფრთები
942 _cBK
999 _c43555
_d43555